000 00475nam a2200133Ia 4500
008 100328s9999 xx 000 0 und d
082 _b72603
100 _aएकसंबेकर सुहास-संपा.
245 _aकविता कोल्हापूरची
260 _bलोकवाङ्मयगृह
630 _aकविता कोल्हापूरची
730 _aकविता कोल्हापूरची
942 _cBOOK
999 _c558324
_d558321